|
|
|
|
| LEADER |
00000nam0a2200000 4500 |
| 001 |
317125 |
| 005 |
20231102002937.0 |
| 020 |
|
|
|a RU
|b 82-15620
|
| 035 |
|
|
|a (RuTPU)RU\TPU\book\342593
|
| 090 |
|
|
|a 317125
|
| 100 |
|
|
|a 20160405d1981 km y0rusy5003 ca
|
| 101 |
0 |
|
|a rus
|
| 102 |
|
|
|a UZ
|
| 105 |
|
|
|a a z 001zy
|
| 200 |
1 |
|
|a Кремний-литиевые детекторы ядерного излучения
|f С. А. Азимов, Р. А. Муминов, С. Х. Шамирзаев, А. Я. Яфасов
|g Академия наук Узбекской ССР (АН УзССР), Физико-технический институт ; под ред. М. С. Саидова
|
| 210 |
|
|
|a Ташкент
|c Фан
|d 1981
|
| 215 |
|
|
|a 256 с.
|c ил.
|
| 320 |
|
|
|9 572
|a Библиогр. в конце гл.
|
| 606 |
1 |
|
|a Кристаллические счетчики
|2 stltpush
|3 (RuTPU)RU\TPU\subj\16315
|9 42431
|
| 610 |
1 |
|
|a детекторы ионизирующих излучений полупроводниковые
|
| 610 |
1 |
|
|a ядерное излучение
|
| 610 |
1 |
|
|a кремний
|
| 610 |
1 |
|
|a литий
|
| 610 |
1 |
|
|a кремниевые приборы
|
| 610 |
1 |
|
|a контроль качества
|
| 610 |
1 |
|
|a плазменные эффекты
|
| 610 |
1 |
|
|a твердотельная дозиметрия
|
| 610 |
1 |
|
|a позиционно-чувствительные детекторы
|
| 610 |
1 |
|
|a нейтроны
|
| 610 |
1 |
|
|a регистрация
|
| 675 |
|
|
|a 539.1.074.5
|z rus
|v 3
|
| 701 |
|
1 |
|a Азимов
|b С. А.
|g Садык Азимович
|
| 701 |
|
1 |
|a Муминов
|b Р. А.
|g Рамизулла Абдуллаевич
|
| 701 |
|
1 |
|a Шамирзаев
|b С. Х.
|g Сезгир Хабибуллаевич
|
| 701 |
|
1 |
|a Яфасов
|b А. Я.
|g Абдурашид Яруллаевич
|
| 702 |
|
1 |
|a Саидов
|b М. С.
|4 340
|
| 712 |
0 |
2 |
|a Академия наук Узбекской ССР (АН УзССР)
|b Физико-технический институт
|2 stltpush
|3 (RuTPU)RU\TPU\col\13582
|
| 801 |
|
0 |
|a RU
|b RuMRKP
|c 19950704
|g psbo
|
| 801 |
|
1 |
|a RU
|b 63413507
|c 20160405
|
| 801 |
|
2 |
|a RU
|b 63413507
|c 20200615
|g RCR
|
| 942 |
|
|
|c BK
|